000 00445nam a2200193Ia 4500
005 20240823010058.0
008 240823s9999||||xx |||||||||||||| ||und||
041 _aENGLISH
082 _A346.07 N8
100 _aPandit M S
245 0 _aBusiness Law
250 _a1st
260 _c1998
_b"Himalaya,Mumbai"
500 _aYES
650 _aBusiness laws
_bManagement Studies
700 _a Shobha Pandit
942 _cBK
999 _c157567
_d157567